| 000 | 01038 a2200325 4500 | ||
|---|---|---|---|
| 001 | 200425413 | ||
| 650 | 0 | 0 |
_aFransız romanı _926627 |
| 650 | 0 | 0 |
_aFrench fiction _98353 |
| 999 |
_c200425413 _d41687 |
||
| 003 | TR-AnTOB | ||
| 005 | 20250813163121.0 | ||
| 008 | 161216s tu 000 1 | ||
| 020 | _a9786055286712 (Volume 2) | ||
| 020 | _a9786055286774 (Volume 3) | ||
| 020 | _a9786055286675 (Volume 1) | ||
| 040 |
_aTR-AnTOB _beng _erda |
||
| 041 | 0 | _atur | |
| 050 | 0 | 0 |
_aPQ2469.A5 _bT8 2015 |
| 090 | _aPQ2469.A5 T8 2015 | ||
| 100 | 1 |
_aVerne, Jules, _d1828-1905 _95466 |
|
| 245 | 1 | 0 |
_aÖyküler / _cJules Verne ; çev. Sevgi Şen. |
| 264 |
_aİstanbul: _bElma Yayınevi, _c2015 |
||
| 300 |
_a3 volumes : _billustrated ; _c21 cm |
||
| 336 |
_atext _2rdacontent |
||
| 337 |
_aunmediated _2rdamedia |
||
| 338 |
_avolume _2rdacarrier |
||
| 490 | 0 |
_aDünya klasikleri serisi ; _v1 |
|
| 520 | _aJules Verne'nin daha önce Türkçe olarak yayınlanmamış 20 öyküsü ile 3 kitaplık bir set oluşturulmuştur. | ||
| 942 | _cBK | ||